Europe Map with 8 Extra Borders #3 - Statistics

General Stats
  • This quiz has been taken 2,570 times
  • The average score is 8 of 8
Answers on the Map
Answers color-coded by a green-red scale on the quiz's map according to % correct below.
 
Answer Stats
Country % Correct
Spain
100%
Lithuania
98%
Denmark
97%
Netherlands
97%
Bulgaria
95%
Ukraine
95%
Vatican City
87%
Norway
85%
No matching quizzes found
Score Distribution
Percent of People with Each Score
Percentile by Number Answered
Your Score History
You have not taken this quiz